Dites-le en 20 langues / (Registro nro. 182352)
[ vista simple ]
| 000 -LEADER | |
|---|---|
| campo de control de longitud fija | 00548nam a2200169 i 4500 |
| 001 - NÚMERO DE CONTROL | |
| campo de control | 182352 |
| 003 - IDENTIFICADOR DE NÚMERO DE CONTROL | |
| campo de control | ES-MaACL |
| 005 - FECHA Y HORA DE LA ÚLTIMA TRANSACCIÓN | |
| campo de control | 20230906221604.0 |
| 008 - DATOS DE LONGITUD FIJA--INFORMACIÓN GENERAL | |
| campo de control de longitud fija | 130805s1990 fr |||| | fre d |
| 020 ## - NÚMERO INTERNACIONAL ESTÁNDAR DEL LIBRO | |
| Número Internacional Estándar del Libro | 2-240-70394-6 |
| 245 00 - MENCIÓN DEL TÍTULO | |
| Título | Dites-le en 20 langues / |
| Mención de responsabilidad, etc. | Nadine Decourt,..[et al.]. |
| 250 ## - MENCION DE EDICION | |
| Mención de edición | 2e édition corrigée. |
| 260 ## - PUBLICACIÓN, DISTRIBUCIÓN, ETC. | |
| Lugar de publicación, distribución, etc. | Montrouge : |
| Nombre del editor, distribuidor, etc. | CNDP - Documentation migrants, |
| Fecha de publicación, distribución, etc. | [1990] |
| 300 ## - DESCRIPCIÓN FÍSICA | |
| Extensión | 24 p. : |
| Otras características físicas | il. ; |
| Dimensiones | 21 cm. |
| 700 1# - ENTRADA AGREGADA--NOMBRE PERSONAL | |
| Nombre de persona | Decourt, Nadine. |
| 9 (RLIN) | 153169 |
| 852 ## - LOCALIZACIÓN | |
| Ubicación | ES-MaACL |
| Número de control de estantería | 2319-F-12 |
| Nota libre | .- Biblioteca Jacinto Martínez Lacalle |
| Estatus retirado | Estado de pérdida | Estado de daño | No para préstamo | Colección | Biblioteca de origen | Biblioteca actual | Ubicación en estantería | Fecha de adquisición | Fuente de adquisición | Total de préstamos | Signatura topográfica completa | Código de barras | Visto por última vez | Precio de reemplazo | Tipo de ítem Koha |
|---|---|---|---|---|---|---|---|---|---|---|---|---|---|---|---|
| Colección de folletos | Biblioteca del Ateneo de Madrid | Biblioteca del Ateneo de Madrid | Depósito folletos | 05/08/2013 | 2319-F-12 | 1191630 | 23/02/2023 | 23/02/2023 | Folleto |
